Hartwallin lonkeromaut - Statistics

Yleistilastot
  • Tätä visaa on pelattu 83 kertaa
    54 viimeisimmän päivityksen jälkeen
  • Keskiarvotulos 8 / 15
Vastaustilastot
Vastaus % Oikein
Gin & Grapefruit
94%
Gin & Pineapple
94%
Gin & Orange
83%
Gin & Raspberry
83%
Gin & Blueberry
77%
Gin & Lemon
77%
Vodka & Lime
77%
Gin & Cranberry
72%
Gin & Lemonade
47%
Gin & Mango
34%
Gin & Peach
32%
Gin & Red Grapefruit
17%
Brandy & Pommac
15%
Gin & Cassis
6%
Gin & Passionfruit
0%
Ehtoja vastaavia visoja ei löytynyt
Tulosjakauma
Jokaisen tuloksen saaneiden osuus
Persentiili vastausten määrän mukaan
Tuloshistoriasi
Et ole pelannut tätä visaa sen viimeisimmän päivityksen jälkeen